What is the world made of ? : (Record no. 10045)

MARC details
000 -LEADER
fixed length control field 01014nam a22002897a 4500
001 - CONTROL NUMBER
control field 10045
003 - CONTROL NUMBER IDENTIFIER
control field FISKH
005 - DATE AND TIME OF LATEST TRANSACTION
control field 20260401103830.0
008 - FIXED-LENGTH DATA ELEMENTS--GENERAL INFORMATION
fixed length control field 260401b cb ||||| |||| 00| 0 eng d
020 ## - INTERNATIONAL STANDARD BOOK NUMBER
International Standard Book Number 9780064451635
040 ## - CATALOGING SOURCE
Original cataloging agency FISKH
Language of cataloging eng
Transcribing agency FISKH
Modifying agency FISKH
050 ## - LIBRARY OF CONGRESS CALL NUMBER
Classification number QC173.16 .Z64
082 ## - DEWEY DECIMAL CLASSIFICATION NUMBER
Classification number 530.4
100 ## - MAIN ENTRY--PERSONAL NAME
Personal name Zoehfeld, Kathleen Weidner
Relator term Author
245 ## - TITLE STATEMENT
Title What is the world made of ? :
Remainder of title All about solids, liquids, and gases /
Statement of responsibility, etc. by Kathleen Weidner Zoehfeld ; illustrated by Paul Meisel
260 ## - PUBLICATION, DISTRIBUTION, ETC.
Place of publication, distribution, etc. New York :
Name of publisher, distributor, etc. HarperCollins Publishers ,
Date of publication, distribution, etc. 1998
300 ## - PHYSICAL DESCRIPTION
Extent 32 pages :
Other physical details color illustrations ;
Dimensions 20 x 25 cm
505 ## - FORMATTED CONTENTS NOTE
Formatted contents note P<br/>
520 ## - SUMMARY, ETC.
Summary, etc. In simple text, presents the three states of matter, solid, liquid, and gas, and describes their attributes.<br/>
521 8# - TARGET AUDIENCE NOTE
Target audience note 620<br/>
Source Lexile AD<br/>
521 8# - TARGET AUDIENCE NOTE
Target audience note P<br/>
Source Raz-Plus<br/>
650 ## - SUBJECT ADDED ENTRY--TOPICAL TERM
Topical term or geographic name entry element Matter
Form subdivision Science
650 ## - SUBJECT ADDED ENTRY--TOPICAL TERM
Topical term or geographic name entry element Solids liquids gases
Form subdivision Chemistry basics
700 ## - ADDED ENTRY--PERSONAL NAME
Personal name Meisel, Paul
Relator term Illustrator
942 ## - ADDED ENTRY ELEMENTS (KOHA)
Source of classification or shelving scheme Dewey Decimal Classification
Koha item type Books
Suppress in OPAC No
Holdings
Withdrawn status Lost status Source of classification or shelving scheme Damaged status Not for loan Collection Home library Current library Shelving location Date acquired Total Checkouts Full call number Barcode Date last seen Copy number Price effective from Koha item type
    Dewey Decimal Classification     Non-Fiction Footprints International School Library Network Toul Tom Poung Campus Footprints International School Library Network Toul Tom Poung Campus TTP Primary Yellow Bookshelves 04/01/2026   ZOE 530.4 QC173.16 .Z64 FISBK05830 04/01/2026 1 04/01/2026 Books